Music Quiz

Random Music or Sporcle Quiz

One Subcategory in 15 Categories - Song Quiz Stats

 Plays Quiz not verified by Sporcle

Score 0/15 Timer 05:00
1 Play Today
Question Answer Wrong Answers
JUST FOR FUN: Which of these intentionally misspelled song titles (all Top 5 hits on the US Billboard Charts) is also the title of a (different) Billboard Top 5 hit when spelled correctly? California Gurls
76.2%
Hot in Herre
7.9%
In Da Club
6.6%
Pop Muzik
7.8%
MUSIC: Who wrote and originally performed the song Sir Duke, a tribute to jazz legends in general and Duke Ellington in specific? Stevie Wonder
69.1%
Ray Charles
18.3%
Lionel Ritchie
4.8%
Prince
7.3%
TELEVISION: Whose rendition of Love and Marriage was the theme song of Married... With Children? Frank Sinatra
66.6%
Sammy Davis, jr.
7.7%
Dean Martin
19.5%
Joey Bishop
5.1%
SCIENCE: Which Monty Python film contains the (fairly scientifically accurate) Galaxy Song? The Meaning of Life
63%
Life of Brian
13%
Monty Python and the Holy Grail
9.6%
And Now For Something Completely Different
11.2%
LITERATURE: Wuthering Heights, inspired by the Emily Brontë novel of the same name, was the debut single of which singer-songwriter? Kate Bush
62.8%
Joni Mitchell
15.6%
Fiona Apple
14.2%
Cat Power
5%
GAMING: The Russian folk song Korobeiniki is best known as the theme song for which video game? Tetris
51.7%
Pac-Man
9.1%
The Legend of Zelda
28.7%
Space Invaders
7.4%
ENTERTAINMENT: Which of these songs is not from the Musical My Fair Lady? Everything's Coming Up Roses
49.2%
Wouldn't It Be Loverly?
12.4%
The Rain in Spain
12.2%
I Could Have Danced All Night
22.9%
HISTORY: Who is not mentioned by name in Billy Joel's We Didn't Start the Fire? Golda Meir
43.2%
Charles de Gaulle
17.9%
Richard Nixon
8.3%
Juan Perón
28.5%
LANGUAGE: In what language is O-Zone's Dragostea Din Tei (also known as The Numa Numa Song)? Romanian
42%
Maltese
12.8%
Portuguese
21.5%
Hungarian
21.1%
HOLIDAY: Who wrote the lyrics of Auld Lang Syne? Robert Burns
39%
We don't know
43.9%
Lord Byron
6.9%
John Keats
6.3%
MISCELLANEOUS: What is the City of New Orleans in the song City of New Orleans? a train
37.4%
a ship
32.6%
a house
15.8%
a theme park
12.3%
GEOGRAPHY: The national anthem of which of these countries has no official lyrics? Spain
31.3%
Kazakhstan
31.3%
Ethiopia
16.3%
Yemen
20.5%
SPORTS: Whitney Houston's One Moment in Time was originally produced for which Olympic Games? Seoul 1988
27.1%
Los Angeles 1984
53%
Calgary 1988
14.5%
Sarajevo 1984
4.9%
RELIGION: Who sang Take My Hand, Precious Lord at Martin Luther King's funeral? Mahalia Jackson
23.9%
Nina Simone
14.2%
Aretha Franklin
47.9%
Eartha Kitt
10.4%
MOVIES: Which of these is not an Oscar winner for Best Song? I Will Always Love You
15.8%
I Just Called to Say I Love You
42.7%
You Must Love Me
34.9%
Can You Feel the Love Tonight
5.8%

You're not logged in!

Compare scores with friends on all Sporcle quizzes.
OR
Log In

You Might Also Like...

Show Comments

Extras

Top Quizzes Today


Score Distribution

Your Account Isn't Verified!

In order to create a playlist on Sporcle, you need to verify the email address you used during registration. Go to your Sporcle Settings to finish the process.

Report this User

Report this user for behavior that violates our Community Guidelines.

Details: